سنسکر ت ا و ر ا ر د و کے لسا نی و ا د بی ر و ا بط و تہز يبی ہم آ ہنگی (Record no. 176285)

MARC details
000 -LEADER
fixed length control field 00807nam a22001937a 4500
005 - DATE AND TIME OF LATEST TRANSACTION
control field 20201209160246.0
010 ## - LCCN (DPL NO)
LC control number UR-10959
020 ## - INTERNATIONAL STANDARD BOOK NUMBER
Terms of availability 400.00
International Standard Book Number 9789390100156
035 ## - SYSTEM CONTROL NUMBER
System control number U-9514
037 ## - SOURCE OF ACQUISITION
Source of stock number/acquisition DBAD/PUB
082 ## - DEWEY DECIMAL CLASSIFICATION NUMBER
Classification number 410.440
100 ## - MAIN ENTRY--PERSONAL NAME
Personal name شيخ عبد ا لغنی
245 ## - TITLE STATEMENT
Title سنسکر ت ا و ر ا ر د و کے لسا نی و ا د بی ر و ا بط و تہز يبی ہم آ ہنگی
Statement of responsibility, etc شيخ عبد ا لغنی
246 ## - VARYING FORM OF TITLE
Remainder of title Sanskrit Aur Urdu Ke Lisaani Wa Adabi Rawaabit wa Tehzeebi Hum Aahangi (Urdu)
Title proper/short title by Shaikh Abdul Ghani
260 ## - PUBLICATION, DISTRIBUTION, ETC. (IMPRINT)
Place of publication, distribution, etc N.Delhi
Name of publisher, distributor, etc Educational Publishing House
Date of publication, distribution, etc 2020 ء
270 ## - ADDRESS
Address H.O.D1/16,Ansari Road,Darya ganj,
City N.Delhi
Postal code 110002
Telephone number 45678285,23216162
Fax number 0091-11-23211540
300 ## - PHYSICAL DESCRIPTION
Extent 183 ص
Dimensions 22 Cm(Hb)
942 ## - ADDED ENTRY ELEMENTS (KOHA)
Source of classification or shelving scheme Dewey Decimal Classification
Item type Urdu Bks
Classification part 410.440
Call number suffix ش ے خ
Holdings
Withdrawn status Lost status Not for loan Collection code Home library Current library Date acquired Source of acquisition Cost, normal purchase price Full call number Barcode Copy number Cost, replacement price Koha item type
      Non-fiction D.B.Act.Division D.B.Act.Division 09/12/2020 DBAD/PUB 400.00 410.440 ش ے خ U-9514 1 400.00 Urdu Bks

© Delhi Public Library
Hit Counter
free hit counter